<?xml version="1.0" encoding="UTF-8"?>
<record
    xmlns:xsi="http://www.w3.org/2001/XMLSchema-instance"
    xsi:schemaLocation="http://www.loc.gov/MARC21/slim http://www.loc.gov/standards/marcxml/schema/MARC21slim.xsd"
    xmlns="http://www.loc.gov/MARC21/slim">

  <leader>00343nam a2200109   4500</leader>
  <datafield tag="050" ind1="0" ind2="0">
    <subfield code="a">QD476</subfield>
    <subfield code="b">.A65 1965</subfield>
  </datafield>
  <datafield tag="100" ind1="1" ind2=" ">
    <subfield code="a">Allinger, Norman L.</subfield>
  </datafield>
  <datafield tag="245" ind1="1" ind2="0">
    <subfield code="a"> The Structures of Organic Molecules /</subfield>
    <subfield code="c">[by] Norman L. Allinger [and] Janet Allinger.</subfield>
  </datafield>
  <datafield tag="260" ind1=" " ind2=" ">
    <subfield code="a">Englewood Cliffs, N.J.;</subfield>
    <subfield code="b">Prentice-Hall.</subfield>
    <subfield code="c">c[1965]</subfield>
  </datafield>
  <datafield tag="700" ind1="1" ind2=" ">
    <subfield code="a">Allinger, Janet,</subfield>
  </datafield>
  <datafield tag="942" ind1=" " ind2=" ">
    <subfield code="c">LL</subfield>
  </datafield>
  <datafield tag="999" ind1=" " ind2=" ">
    <subfield code="c">17431</subfield>
    <subfield code="d">17431</subfield>
  </datafield>
  <datafield tag="952" ind1=" " ind2=" ">
    <subfield code="2">lcc</subfield>
    <subfield code="7">0</subfield>
    <subfield code="9">34746</subfield>
    <subfield code="a">UOE</subfield>
    <subfield code="b">UOE</subfield>
    <subfield code="d">2022-04-07</subfield>
    <subfield code="l">0</subfield>
    <subfield code="o">QD476 .A65 1965</subfield>
    <subfield code="p">10038371</subfield>
    <subfield code="r">2022-04-07 00:00:00</subfield>
    <subfield code="t">10038371</subfield>
    <subfield code="y">LL</subfield>
  </datafield>
</record>
